Neočakávane pozitívne výsledky slovenskej ekonomiky

Charakteristika hospodárskeho vývoja Slovenska za 1. polrok 1994 v týchto príspevkoch: Lukas, Z. (Wiener Institut für Internationale Wirtschaftsvergleiche): Rast HDP o 2 perc., miera inflácie 16 perc. Schmögnerová, B. (z vystúpenia na konferencii G-24 v Bratislave 6.-7.9.1994): Zhodnotenie transform...

Descrizione completa

Salvato in:
Dettagli Bibliografici
Natura: Capitolo di libro
Lingua:slovacco
Soggetti:
Tags: Aggiungi Tag
Nessun Tag, puoi essere il primo ad aggiungerne!!

MARC

LEADER 00000naa a2200000 4500
001 r023799
005 20221205091216.8
041 0 |a slo 
044 |a SK 
245 1 0 |a Neočakávane pozitívne výsledky slovenskej ekonomiky 
520 |a Charakteristika hospodárskeho vývoja Slovenska za 1. polrok 1994 v týchto príspevkoch: Lukas, Z. (Wiener Institut für Internationale Wirtschaftsvergleiche): Rast HDP o 2 perc., miera inflácie 16 perc. Schmögnerová, B. (z vystúpenia na konferencii G-24 v Bratislave 6.-7.9.1994): Zhodnotenie transformácie a stratégia vlády J. Moravčíka. Oberhauser, A.J.: Tendencie v hospodárskom a menovom vývoji SR v júli. 
610 2 0 |a situácia hospodárska 
610 2 0 |a Slovensko 
610 2 0 |a 1994 
610 2 0 |a január-jún 
610 2 0 |a údaje štatistické 
610 2 0 |a ukazovatele ekonomické 
610 2 0 |a produkt domáci hrubý 
610 2 0 |a inflácia 
610 2 0 |a nezamestnanosť 
610 2 0 |a obchod zahraničný 
610 2 0 |a privatizácia 
610 2 0 |a trh kapitálový 
610 2 0 |a transformácia 
610 2 0 |a mena